| 000 | 00823nam a2200181 i 4500 | ||
|---|---|---|---|
| 001 | 166465 | ||
| 003 | ES-MaACL | ||
| 005 | 20250730153549.0 | ||
| 008 | 010224s1892 sp |||| | spa d | ||
| 040 |
_aCYL _bspa _cCYL |
||
| 100 | 1 |
_aTorre y Vélez, Alejandro de la. _9133310 |
|
| 245 | 1 | 0 |
_aDiscurso que en la sesión literaria celebrada en el Paraninfo de la Universidad de Salamanca con motivo del cuarto centenario del descubrimiento de América / _cleyó Alejandro de la Torre y Vélez. |
| 260 |
_aSalamanca : _bImprenta y Librería de Hidalgo, _c1892. |
||
| 300 |
_a96 p. ; _c27 cn. |
||
| 651 | 4 |
_aAmérica española- _xHistoria- _y1492-1600 (Descubrimiento y conquista) _97724 |
|
| 852 |
_aES-MaACL _jT-657-F-4 _z-- Enc. hol., conservando la cub. original _z-- Enc. en un vol. facticio |
||
| 999 |
_c166465 _d166465 |
||